LDR 01225naa#a2200229#i#450# 001 RU\\bibl\117136 005 20260417073148.5 011 ## _a2782-5957 100 ## _a20260330b2026####ek#y0rusy0150####ca 102 ## _aRU 200 1# _aИССЛЕДОВАНИЕ ЗАВИСИМОСТИ ТЕМПЕРАТУРЫ РЕЗАНИЯ ОТ РЕЖИМОВ ПРИ ТОЧЕНИИ ФТОРОПЛАСТА-4 _eЖурнальная статья 210 1# _aБрянск _cБрянский государственный технический университет _d2026 215 ## _a6 с. 608 ## _aЖурнальная статья _2local 675 ## _aТочение. Обточка. Токарная обработка. Токарные станки. 621.941 _z 686 ## _aОбщая технология машиностроения. Обработка металлов. 345 _2bbk 700 #1 _aКисель _gАнтон Геннадьевич 700 #1 _aПерегонцев _gВладислав Витальевич 700 #1 _aВишневский _gАндрей Александрович 700 #1 _aШведов _gАлександр Юрьевич 700 #1 _aМамедкулиев _gТурал Сохраб оглы 856 4# _azh-szf.ru _u